000 01228nam a2200217Ia 4500
003 OSt
005 20210722121218.0
008 210310s1982 ck gr 000 0 spa d
040 _aCO-JMCR
_cCO-JMCR
041 0 _aspa
082 0 4 _a332.6731 /
_bA662i
_223
100 1 _aArango F, Juan Ignacio,
_916462
_eautor
245 1 3 _aLa inversión extranjera en la industria manufacturera colombiana /
_cJuan Ignacio Arango F.
260 _aBogotá :
_bEditográficas,
_c1982
300 _a346 páginas ;
_c23 cm.
504 _aBibliografía: páginas 343-346
505 0 _aPerspectiva cronológica -- Aproximación teórica -- Antecedentes de la inversión extranjera en Colombia -- La inversión extranjera y su incidencia en el proceso -- Presencia de la inversión extranjera en la industria manufacturera colombiana -- Incidencia en empleo y salarios -- Distribución geográfica de la inversión -- Articulación del capital extranjero y el capital local -- Exportaciones -- La inversión extranjera y el proceso de monopolización -- La tecnología -- Tendencias recientes: la década de los 70
650 1 4 _aInversiones extranjeras
_916464
_zColombia
650 2 4 _aIndustrias manufactureras
_zColombia
_938646
942 _2ddc
_cBK
999 _c8146
_d8146